Minas de hulla en Peñarroya de Bélmez (Córdoba) (Record no. 159706)

MARC details
000 -LEADER
campo de control de longitud fija 00867nam a2200169 i 4500
001 - NÚMERO DE CONTROL
campo de control 159706
003 - IDENTIFICADOR DE NÚMERO DE CONTROL
campo de control ES-MaACL
005 - FECHA Y HORA DE LA ÚLTIMA TRANSACCIÓN
campo de control 20230906211739.0
008 - DATOS DE LONGITUD FIJA--INFORMACIÓN GENERAL
campo de control de longitud fija 981103s1900 sp |||| | spa d
040 ## - FUENTE DE CATALOGACIÓN
Centro catalogador/agencia de origen CCPB | B
Lengua de catalogación spa
Centro/agencia transcriptor CCPB | B
245 00 - MENCIÓN DEL TÍTULO
Título Minas de hulla en Peñarroya de Bélmez (Córdoba)
Resto del título : tituladas Las Muchachas, Las Muchachas 2as, El Herrero, El Herrero 2º, El Gitano, El Gitano 2º, La Pala y La Pala 2 : propiedad de ... José Rubáudonadéu-Corcelles, ... Guillermo O'Shea-Hurtado de Corcuera y ... Enrique Romá-Figueras : Memorias facultativas ...
260 ## - PUBLICACIÓN, DISTRIBUCIÓN, ETC.
Lugar de publicación, distribución, etc. Barcelona :
Nombre del editor, distribuidor, etc. [s.n.],
Fecha de publicación, distribución, etc. 1900 (
Fabricante establecimiento tipo-litográfico de José Cunill y Sala)
300 ## - DESCRIPCIÓN FÍSICA
Extensión 105 p., [1] h. de plano ;
Dimensiones 28 cm.
650 #4 - PUNTO DE ACCESO ADICIONAL DE MATERIA--TÉRMINO DE MATERIA
Término de materia o nombre geográfico como elemento de entrada Minas de hulla-
Subdivisión geográfica Peñarroya de Bélmez.
9 (RLIN) 136247
752 ## - ENTRADA AGREGADA--NOMBRE JERÁRQUICO DEL LUGAR
País o entidad superior España -
Ciudad Barcelona
852 ## - LOCALIZACIÓN
Ubicación ES-MaACL
Número de control de estantería G-11636
Nota libre -- Enc. tela
Holdings
Estatus retirado Estado de pérdida Estado de daño No para préstamo Colección Biblioteca de origen Biblioteca actual Ubicación en estantería Fecha de adquisición Fuente de adquisición Total de préstamos Signatura topográfica completa Código de barras Visto por última vez Precio de reemplazo Tipo de ítem Koha
        Libros del s. XIX Biblioteca del Ateneo de Madrid Biblioteca del Ateneo de Madrid Sala Pecera Planta 3 17/01/2008     G-11636 1167194 23/02/2023 23/02/2023 Libro impreso antiguo